Szczegóły MARC21

Jak sterować rentownością przedsiębiorstwa /

003 -Nazwa inst., której nr kontr. jest w polu 001 [,]
    • @
    • Nazwa instytucji, której n kontrolny jest w polu 001
    • NUKAT
005 -DATA I CZAS OSTATNIEJ MODYFIKACJI [,]
    • @
    • pole kontrolne
    • 20260413132457.0
020 -Międzynarod. znormalizowany nr książki - ISBN [ , ]
    • a
    • Numer ISBN
    • 8301116145 Find
040 -Instytucja sporządzająca opis [ , ]
    • a
    • Instytucja, która sporządziła opis (NP)
    • Ł U/AS
    • c
    • Instytucja, która sporządziła rekord (NP)
    • Ł U/AS
    • d
    • Instytucja, która zmodyfikowała rekord (P)
    • Ł U/MK
    • d
    • Instytucja, która zmodyfikowała rekord (P)
    • Ł U/MSs
    • d
    • Instytucja, która zmodyfikowała rekord (P)
    • GL 001/EZN
    • d
    • Instytucja, która zmodyfikowała rekord (P)
    • KR 93/11SWB
    • d
    • Instytucja, która zmodyfikowała rekord (P)
    • GL 001/KGM
942 -Rodzaj dokumentu [ , ]
    • c
    • Rodzaj dokumentu
    • Książka
100 -Hasło główne - nazwa osobowa [1, ]
    • a
    • Nazwa osobowa (NP)
    • Siwoń, Bolesław
    • d
    • Daty biograficzne (NP)
    • (1914-1996).
    • 9
    • KHW
    • 93991
245 -Strefa tytułu i oznaczenia odpowiedzialności [1,0]
    • a
    • Tytuł
    • Jak sterować rentownością przedsiębiorstwa / Find
    • c
    • Pozostałe elementy strefy tytułu i oznaczenia odpowiedzialności (NP)
    • Bolesław Siwoń.
260 -Strefa adresu wydawniczego [ , ]
    • a
    • Miejsce wydania (P)
    • Warszawa :
    • b
    • Nazwa wydawcy (P)
    • Wydawnictwo Naukowe PWN,
    • c
    • Data wydania (P)
    • 1994.
300 -Strefa opisu fizycznego [ , ]
    • a
    • Określenie formy książki i/lub objętość (NP)
    • 145, [3] s. :
    • b
    • Oznaczenie ilustracji (NP)
    • il. ;
    • c
    • Format (NP)
    • 21 cm.
336 -Typ zawartości [ , ]
    • a
    • Termin opisujący typ zawartości
    • Tekst
    • b
    • Kod określający zawartość
    • txt
    • 2
    • Źródło (terminu i kodu)
    • rdacontent
337 -Typ mediów [ , ]
    • a
    • Tryb odtwarzania
    • Bez urządzenia pośredniczącego
    • b
    • Kod typu mediów
    • n
    • 2
    • Źródło (terminu i kodu)
    • rdamedia
338 -Typ/rodzaj nośnika [ , ]
    • a
    • Hasło opisujące typ nośnika
    • Wolumin
    • b
    • Kod typu nośnika
    • nc
    • 2
    • Źródło (terminu i kodu)
    • rdacarrier
380 -Deskryptor - Forma dzieła (P) [ , ]
    • a
    • forma dzieła (NP)
    • Książki
380 -Deskryptor - Forma dzieła (P) [ , ]
    • a
    • forma dzieła (NP)
    • Publikacje fachowe
388 -Deskryptor - czas powstania dzieła (P) [1, ]
    • a
    • Czas powstania dzieła (NP)
    • 1901-2000
490 -Strefa serii i książki wielotomowej - forma nie do wyszukiwania [1, ]
    • a
    • Tytuł (P)
    • Ekonomia na Co Dzień Find
830 -Hasło dodatkowe serii i opisu książki wielotomowej - tytuł ujednolicony/tytuł [ ,0]
    • a
    • Tytuł ujednolicony/tytuł (NP)
    • Ekonomia na Co Dzień
    • 9
    • KHW
    • 64593
080 -Uniwersalna Klasyfikacja Dziesiętna [ , ]
    • a
    • Symbol klasyfikacji
    • 658.14/.17
    • 9
    • UKD
    • 5620
    • 2
    • Identyfikator wydania tablic
    • UDC-P058
    • b
    • Dopowiedzenie
    • Zagadnienia finansowe przedsiębiorstwa. Rozrachunek gospodarczy. Fundusz zakładowy.
650 -Hasło przedmiotowe [ ,7]
    • a
    • Hasło przedmiotowe
    • Dochód
    • 2
    • Źródło terminu
    • DBN
    • 9
    • KHW
    • 725910
650 -Hasło przedmiotowe [ ,7]
    • a
    • Hasło przedmiotowe
    • Ekonomika przedsiębiorstwa
    • 2
    • Źródło terminu
    • DBN
    • 9
    • KHW
    • 733638
650 -Hasło przedmiotowe [ ,7]
    • a
    • Hasło przedmiotowe
    • Finanse
    • 2
    • Źródło terminu
    • DBN
    • 9
    • KHW
    • 721068
650 -Hasło przedmiotowe [ ,7]
    • a
    • Hasło przedmiotowe
    • Koszty
    • 2
    • Źródło terminu
    • DBN
    • 9
    • KHW
    • 721706
650 -Hasło przedmiotowe [ ,7]
    • a
    • Hasło przedmiotowe
    • Rachunek ekonomiczny
    • 2
    • Źródło terminu
    • DBN
    • 9
    • KHW
    • 740270
650 -Hasło przedmiotowe [ ,7]
    • a
    • Hasło przedmiotowe
    • Rentowność
    • 2
    • Źródło terminu
    • DBN
    • 9
    • KHW
    • 734800
650 -Hasło przedmiotowe [ ,7]
    • a
    • Hasło przedmiotowe
    • Zarządzanie procesami biznesowymi
    • 2
    • Źródło terminu
    • DBN
    • 9
    • KHW
    • 724255
650 -Hasło przedmiotowe [ ,7]
    • a
    • Hasło przedmiotowe
    • Przedsiębiorstwa
    • x
    • Określnik rzeczowy
    • finanse.
    • 2
    • Źródło terminu
    • kaba
    • 9
    • KHW
    • 126391
650 -Hasło przedmiotowe [ ,7]
    • a
    • Hasło przedmiotowe
    • Rentowność.
    • 2
    • Źródło terminu
    • kaba
    • 9
    • KHW
    • 149381
658 -Ujęcie treści [ , ]
    • a
    • dziedzina nauki i sztuki/ sfera aktywności życiowej
    • Gospodarka, ekonomia, finanse
980 -Symbol UKD [ , ]
    • a
    • UKD
    • 658.14/.17
710 -Hasło dodatkowe - nazwa ciała zbiorowego [2, ]
    • a
    • Nazwa ciała zbiorowego lub nazwa geograficzna jako pierwszy element (NP)
    • Wydawnictwo Naukowe PWN.
    • 4
    • Kod relacji
    • pbl
    • 9
    • KHW
    • 52648
920 -ISBN [ , ]
    • a
    • ISBN
    • 83-01-11614-5 Find
Status udost. Numer inwentarzowy Data inwentaryzacji Lokalizacja
-2E.628211995-02-14BE
-11TS.775751995-02-14T